El cine de las sábanas blancas / (Registro nro. 12231)

Detalles MARC
000 -LIDER
fixed length control field 00800nam a22002657a 4500
001 - NÚMERO DE CONTROL
Identificador de número de control 020045416
003 - IDENTIFICACDOR DE NÚMERO DE CONTROL
control field DO-SdBNP
005 - DATE AND TIME OF LATEST TRANSACTION
control field 20180215112757.0
007 - CAMPOS FIJOS DE DESCRIPCIÓN FÍSICA
fixed length control field 020045416
008 - ELEMENTOS DE LONGITUD FIJA
fixed length control field 161202b 1999 sp a ||||| |||| 00| 0 spa d
020 ## - ISBN
International Standard Book Number 8424160002
040 ## - FUENTE DE CATALOGACIÓN
Agencia que crea de manera original el registro BPMSU
Idioma de catalogación spa
Agencia que realiza la transcripción BPMSU
100 1# - ASIENTO PRINCIPAL -- NOMBRE PERSONAL
Nombre personal Moleón Viana, Miguel Ángel
245 10 - MENCIÓN DE TITULO
Título El cine de las sábanas blancas /
Mención de responsabilidad Miguel Ángel Moleón Viana.
260 ## - PUBLICACIÓN, DISTRIBUCIÓN, ETC. (PIE DE IMPRENTA)
Lugar de publicación, distribución, etc León, España :
Nombre del editor, distribuidor, etc. Everest,
Fecha de publicación, distribución, etc 1999.
300 ## - DESCRIPCIÓN FÍSICA
Extensión 91 p. :
Otros detalles físicos il. ;
Dimensiones 20 cm.
490 1# - MENCIÓN DE SERIES
Mención de serie Montaña encantada.
500 ## - NOTA GENERAL
Nota general Para niños a partir de 10 años
700 12 - ASIENTO SECUNDARIO -- NOMBRE PERSONAL
Nombre personal Frabetti, Carlo,
Mención de responsabilidad tr.
700 12 - ASIENTO SECUNDARIO -- NOMBRE PERSONAL
Nombre personal Robins, Arthur,
Mención de responsabilidad il.
830 #0 - ASIENTO SECUNDARIO DE SERIE--TÍTULO UNIFORME
Título uniforme Montaña encantada.
942 ## - ADDED ENTRY ELEMENTS (KOHA)
Source of classification or shelving scheme Dewey Decimal Classification
Koha item type Libros
945 ## - INFORMACIÓN DE PROCESAMIENTO LOCAL
Información de procesamiento local Inventariado, 2018/MFF
956 ## - LOCAL ELECTRONIC LOCATION AND ACCESS (OCLC)
Método de acceso LOPEREZ
Materiales especificados 10
Enlace 20161202
Campo enlazado y núm. de secuencia BPMSU
Nombre de host 00041
Existencias
Withdrawn status Lost status Source of classification or shelving scheme Damaged status Not for loan Collection code Home library Current library Date acquired Source of acquisition Total Checkouts Full call number Barcode Date last seen Price effective from Koha item type
    Dewey Decimal Classification     Colección Infantil General Biblioteca Pública Metropolitana Salomé Ureña Biblioteca Pública Metropolitana Salomé Ureña 12/02/2016 Donación   xxxx xxxx BPMSU16120064 12/02/2016 12/02/2016 Libros